LIBRARY & INFORMATION CENTRE, KCAET, TAVANUR

ONLINE PUBLIC ACCESS CATALOGUE (OPAC)

Research Methodology (Record no. 14751)

MARC details
000 -LEADER
fixed length control field 00320nam a22001337a 4500
020 ## - INTERNATIONAL STANDARD BOOK NUMBER
ISBN 8120324528
082 ## - DEWEY DECIMAL CLASSIFICATION NUMBER
Classification number 001.42
Item number PAN/RE
100 ## - MAIN ENTRY--AUTHOR NAME
Personal name Paneerselvam R.
245 ## - TITLE STATEMENT
Title Research Methodology
250 ## - EDITION STATEMENT
Edition statement 1st
260 ## - PUBLICATION, DISTRIBUTION, ETC. (IMPRINT)
Place of publication New Delhi
Name of publisher Prentice Hall of India Private Limited
Year of publication 2005
300 ## - PHYSICAL DESCRIPTION
Number of Pages 639
942 ## - ADDED ENTRY ELEMENTS (KOHA)
Koha item type Book Bank scheme for SC students
Holdings
Withdrawn status Lost status Damaged status Collection code Home library Current library Shelving location Date acquired Source of acquisition Cost, normal purchase price Full call number Accession Number Koha item type
        KAUAET KAUAET Scheme 30/08/2016 Cosmo Book House, Thrissur. 325.00 001.42 PAN/RE BB 33 Book Bank scheme for SC students
        KAUAET KAUAET Scheme 30/08/2016 Cosmo Book House, Thrissur. 325.00 001.42 PAN/RE BB 34 Book Bank scheme for SC students
free website counter